| 000 | 00666nam a2200205Ia 4500 | ||
|---|---|---|---|
| 003 | GCL | ||
| 008 | 140319s9999 xx 000 0 ara d | ||
| 040 |
_aGCL / _cGCL |
||
| 082 | 0 | 4 |
_a296.3 _bس ق |
| 100 | 1 | _aسامى عصاصة | |
| 245 | 1 | 0 |
_aقراءة فى كتاب اسرائيل شاحاك - هل اليهودية التلمودية دين ؟ / _cسامى عصاصة |
| 250 | _aالثانية | ||
| 260 |
_a[S.N] : _bسامى عصاصة ، _c1998 |
||
| 300 |
_a242 ص ؛ _c24 سم |
||
| 650 | 0 | 4 | _aالتلمود |
| 650 | 0 | 4 | _aالصهيونية |
| 650 | 0 | 4 | _aاليهودية والدولة |
| 650 | 0 | 4 | _aاليهودية - تاريخ |
| 942 |
_2ddc _cBK |
||
| 999 |
_c8365 _d8365 |
||